| 000 | 00658nam a2200181 i 4500 | ||
|---|---|---|---|
| 001 | 33024 | ||
| 003 | ES-MaACL | ||
| 007 | t| | ||
| 008 | 030201s1979 sp ||||1| spa d | ||
| 020 | _a84-7088-228-7 | ||
| 100 | 1 |
_aBertrand, Michel-Jean. _928534 |
|
| 245 | 1 | 0 |
_aGeografía de la Administración _b: el impacto especial del ejecutivo en los capitales nacionales / _cMichel-Jean Bertrand ; traducción al español, Jesús J. Oya. |
| 260 |
_aMadrid : _bInstituto de Estudios de Administración Local, _c1979. |
||
| 300 |
_a475 p. : _bil. ; _c24 cm. |
||
| 504 | _aBibliografía. | ||
| 700 | 1 |
_aOya, Jesús J. _988043 |
|
| 852 |
_aES-MaACL _jL-8327 _bR.109191 |
||
| 999 |
_c33024 _d33024 |
||